Giáo trình kế toán quản trị

Kế toán quản trị là một phần chính của tiến trình quản lý, và kế toán quản trị viên là thành viên chiến lược trong ban lãnh đạo. Thông tin cần cho các chức năng quản lý như ra quyết định, lập kế hoạch, hoạch định và điều khiển....

Fuld beskrivelse

Đã lưu trong:
Bibliografiske detaljer
Hovedforfatter: Lê, Phước Hương
Format: Bog
Sprog:Undetermined
Udgivet: Cần Thơ Đại học Cần Thơ 2013
Fag:
Tags: Tilføj Tag
Ingen Tags, Vær først til at tagge denne postø!
Thư viện lưu trữ: Trung tâm Học liệu Trường Đại học Cần Thơ
LEADER 01085nam a2200229Ia 4500
001 CTU_229353
008 210402s9999 xx 000 0 und d
020 |c 30000 
082 |a 658.1511 
082 |b H561/P.1 
100 |a Lê, Phước Hương 
245 0 |a Giáo trình kế toán quản trị 
245 0 |c Lê Phước Hương (Chủ biên) 
260 |a Cần Thơ 
260 |b Đại học Cần Thơ 
260 |c 2013 
520 |a Kế toán quản trị là một phần chính của tiến trình quản lý, và kế toán quản trị viên là thành viên chiến lược trong ban lãnh đạo. Thông tin cần cho các chức năng quản lý như ra quyết định, lập kế hoạch, hoạch định và điều khiển. 
526 |a Kế toán quản trị,Kế toán quản trị cho khu vực công 
526 |b KT626,KT738 
650 |a Kế toán quản trị,Managerial accounting 
910 |b nthai 
980 |a Trung tâm Học liệu Trường Đại học Cần Thơ